000
00322pab a2200145 454500
008
180718b2001 xxu||||| |||| 00| 0 eng d
100
_a
Sieff, Michelle
245
_a
War criminals: watch out
260
_c
2001
300
_a
p.18-20
362
_a
Feb
650
_a
War crimes
773
_a
World Today
909
_a
47732
999
_c
47732
_d
47732